000 00730nam a2200289Ia 4500
005 20260324134353.0
008 008 260324s9999 xx 000 0 eng d
020 _a9781315185590
037 _aEBOOK
040 _aCRL
040 _beng
040 _cCRL
041 _2eng
041 _aeng
084 _qCRL
100 _aSaira Khan
_91176143
245 0 _aNuclear Proliferation Dynamics in Protracted Conflict Regions
245 2 _bA Comparative Study of South Asia and the Middle East
260 _bTaylor and Francis
260 _c2002
365 _a
365 _b230
856 _uhttp://www.taylorfrancis.com/books/9781315185590
942 _cEBOOK
999 _c1796591
_d1796591